000 01126nam a22003257a 4500
003 CHAP
005 20220329135646.0
008 971013s1985 r 00010 d
010 _a40067
011 _a41039
035 _a45165
040 _cCHAP
090 _aTesis
100 0 0 _aMorales Loredo, Alberto.
_978321
245 _aCombinaciones de germoplasma de maíz (Zea mays L.) propicios para el Bajío y trópico: dosis óptimas para rendiimento y estabilidad
260 _aSaltillo, Coah. :
_bEl autor,
_c1985
300 _a93 h.
_b: ilus. ; gráfs
502 _aTesis (M.C. Esp. en Fitomejoramiento) -- Univ. Autónoma Agraria Antonio Narro
590 _aALEPH
_b10
_c20130110
_lUCH01
_h1308
590 _aBATCH-UPD
_b10
_c20130110
_lUCH01
_h1721
590 _aBATCH-UPD
_b10
_c20130410
_lUCH01
_h1105
590 _aBATCH-UPD
_b10
_c20130914
_lUCH01
_h1751
590 _aCONVERSION
_b10
_c20130109
_lUCH01
_h1322
650 1 4 _aMaíz
_xGermoplasma.
_970966
650 1 4 _aMaíz
_xRendimiento.
_971051
650 1 4 _aMaíz
_xTrópicos.
_971076
901 _aBK
942 _cTESIS
949 _bBC
_cTES
_d-103316
_eTS1
_i45165
_si
999 _c40067
_d40067